Czy znasz pierwsze państwa jeśli chodzi o wydatki na wojsko? - Statystyki

Ogólne statystyki
  • Ten quiz został rozwiązany 564 razy
  • Średni wynik to 17 z 20
Statystyki odpowiedzi
Miejsce na świecie Budżet Państwo % Poprawnych
1 649.000.000.000$ USA
99%
2 250.000.000.000$ Chiny
97%
6 61.400.000.000$ Rosja
97%
8 49.500.000.000$ Niemcy
95%
19 11.600.000.000$ Polska
94%
5 63.800.000.000$ Francja
93%
7 50.000.000.000$ Wielka Brytania
90%
4 66.500.000.000$ Indie
89%
14 21.600.000.000$ Kanada
89%
16 18.200.000.000$ Hiszpania
87%
9 46.600.000.000$ Japonia
87%
12 27.800.000.000$ Brazylia
86%
10 43.100.000.000$ Korea Południowa
86%
11 27.800.000.000$ Włochy
81%
18 13.200.000.000$ Iran
79%
13 26.700.000.000$ Australia
72%
15 19.000.000.000$ Turcja
72%
3 67.600.000.000$ Arabia Saudyjska
71%
20 11.400.000.000$ Pakistan
66%
17 15.900.000.000$ Izrael
63%
Nie znaleziono quizów pasujących do podanych kryteriów
Rozkład punktacji
Procent ludzi z każdym wynikiem
Percentyl według liczby udzielonych odpowiedzi
Twoja historia wyników
Nie rozwiązałeś tego quizu